000 01152nam0a2200325 4500
001 RU\NLR\bibl\1294012
005 20250615145027.0
010 _a978-5-902862-97-0
_93000
021 _aRU
_b2008-72340
_94147
035 _a(NLR Aleph) 001279657
090 _a490883
_c490883
100 _a20081112d2008 |||y0rusy50 ca
101 0 _arus
102 _aRU
105 _aa |||||||||
200 1 _aЗаписки автоматизатора
_eпрофессиональная исповедь
_fАндрей Орлов
210 _aМосква
_cМанн, Иванов и Фербер
_d2008
215 _a188 с.
_cил.
_d21
606 1 _aФирмы
_xУправление
_92081406
_3RU\NLR\auth\661257386
606 1 _aТорговля
_xОрганизация
_91539874
_3RU\NLR\auth\66972493
606 1 _aПредпринимательство
_91161265
_3RU\NLR\auth\66147005
686 _aУ21(0)24
686 _aУ42(0)1-803
686 _aУ5-13
700 1 _aОрлов
_bА. Г.
_gАндрей Георгиевич
_4070
801 0 _aRU
_bNLR
_c20081112
_gRCR
801 1 _aRU
_bNLR
_c20081112
942 _cBOOK
980 _aNB